000 00490nam a2200157 i 4500
001 bg
245 0 _aÖkologische chemie :
_bGrundlagen und Konzepte für die ökologische Beurteilung von Chemikalien /
_chrsg. von Friedhelm Korte [et al.].
260 _bGeorg Thieme,
_c1980. 9
650 _xzwiązki
_xwpływ na środowisko
700 1 _aKORTE, Friedhelm.
_eOprac.
040 _cBPK
041 _apol
080 _a54:504
942 _cKS
008 s pl f |000 0 pol
999 _c20437
_d20437
856 _uhttp://koha.tu.koszalin.pl/cgi-bin/koha/opac-detail.pl?biblionumber=20437
_yKatalog online BPK